Cómo fomentar la conciencia ecológica en los alumnos de segundo grado, grupo "A" por medio de su participación en actividades escolares relacionadas con el medio ambiente / (Record no. 9330)
[ view plain ]
| 000 -CABECERA | |
|---|---|
| campo de control de longitud fija | 00878nam a2200205 a 4500 |
| 005 - FECHA Y HORA DE LA ÚLTIMA TRANSACCIÓN | |
| campo de control | 20250111063804.0 |
| 008 - ELEMENTOS DE LONGITUD FIJA--INFORMACIÓN GENERAL | |
| campo de control de longitud fija | 991125s1997 mx 000 0 spa u |
| 035 ## - NÚMERO DE CONTROL DEL SISTEMA | |
| Número de control de sistema | UPN01000009330 |
| 049 ## - COLECCIÓN | |
| Colección | TES |
| 099 ## - CLASIFICACIÓN LOCAL | |
| Clasificación local | 13858 |
| 100 1# - ASIENTO PRINCIPAL--NOMBRE PERSONAL | |
| Nombre de persona | Chávez Torres, Ana Rosa |
| 245 10 - MENCIÓN DE TÍTULO | |
| Título | Cómo fomentar la conciencia ecológica en los alumnos de segundo grado, grupo "A" por medio de su participación en actividades escolares relacionadas con el medio ambiente / |
| Mención de responsabilidad, etc. | Ana Rosa Chávez Torres. |
| 260 ## - PUBLICACIÓN, DISTRIBUCIÓN, ETC. | |
| Lugar de publicación, distribución, etc. | Guadalajara : |
| Nombre del editor, distribuidor, etc. | A. R. Chávez Torres, |
| Fecha de publicación, distribución, etc. | 1997. |
| 300 ## - DESCRIPCIÓN FÍSICA | |
| Extensión | 50, [7] h. : |
| Otras características físicas | il. |
| 500 ## - NOTA GENERAL | |
| Nota general | "Unidad 14A" |
| 502 ## - NOTA DE TESIS | |
| Nota de tesis | Propuesta pedagógica (Lic. en Educación Primaria) -- Universidad Pedagógica Nacional, 1997 |
| 650 #4 - ASIENTO SECUNDARIO DE MATERIA - TERMINO TEMATICO | |
| Término de materia o nombre geográfico como elemento de entrada | Educación ambiental |
| Subdivisión general | Estudio y enseñanza (Elemental) |
| 9 (RLIN) | 9202 |
| 710 2# - ASIENTO SECUNDARIO - NOMBRE CORPORATIVO | |
| Nombre de entidad corporativa o nombre de jurisdicción como elemento de entrada | Universidad Pedagógica Nacional (México). |
| Unidad subordinada | Unidad 14A |
| 9 (RLIN) | 28428 |
| 905 ## - TIPO DE MATERIAL | |
| Tipo de material | Tesis |
| Estado de retiro | Estado de pérdida | Fuente del sistema de clasificación o colocación | Estado dañado | No para préstamo | Código de colección | Localización permanente | Ubicación/localización actual | Ubicación en estantería | Fecha de adquisición | Total de préstamos | Clasificación | Código de barras | Fecha visto por última vez | Número de copia | Tipo de ítem Koha |
|---|---|---|---|---|---|---|---|---|---|---|---|---|---|---|---|
| Library of Congress Classification | Disponible (Préstamo en sala) | Tesis impresas | Bib. Gregorio Torres Quintero | Bib. Gregorio Torres Quintero | Planta alta Repositorios y acceso abierto | 23/02/2023 | 1 | 13858 | 149264 | 31/12/2020 | 1 | Libro |
